| 000 | 01559nam a2200373 a 4500 | ||
|---|---|---|---|
| 001 | ebr10517479 | ||
| 003 | CaPaEBR | ||
| 006 | m u | ||
| 007 | cr cn||||||||| | ||
| 008 | 101101s2011 mau sb 001 0 eng d | ||
| 010 | _z 2010042676 | ||
| 020 | _z9780262015714 (hardcover alk. paper) | ||
| 020 | _z9780262302722 (e-book) | ||
| 040 |
_aCaPaEBR _cCaPaEBR |
||
| 035 | _a(OCoLC)767669827 | ||
| 050 | 1 | 4 |
_aBD331 _b.C565 2011eb |
| 082 | 0 | 4 |
_a302.23/1 _222 |
| 100 | 1 | _aColeman, Beth. | |
| 245 | 1 | 0 |
_aHello avatar _h[electronic resource] : _brise of the networked generation / _cB. Coleman. |
| 260 |
_aCambridge, Mass. : _bMIT Press, _cc2011. |
||
| 300 | _axvi, 194 p. | ||
| 504 | _aIncludes bibliographical references and index. | ||
| 505 | 0 | _aWhat is an avatar -- More than just another pretty face : the avatar effect -- Interview with the virtual cannibal -- Virtual presence -- X-reality, a conclusion. | |
| 533 |
_aElectronic reproduction. _bPalo Alto, Calif. : _cebrary, _d2012. _nAvailable via World Wide Web. _nAccess may be limited to ebrary affiliated libraries. |
||
| 650 | 0 |
_aVirtual reality _xPhilosophy. |
|
| 650 | 0 | _aReality. | |
| 650 | 0 |
_aAvatars (Virtual reality) _xPsychological aspects. |
|
| 650 | 0 | _aHuman behavior models. | |
| 650 | 0 | _aShared virtual environments. | |
| 650 | 0 | _aHuman-computer interaction. | |
| 655 | 7 |
_aElectronic books. _2local |
|
| 710 | 2 | _aebrary, Inc. | |
| 856 | 4 | 0 |
_uhttp://site.ebrary.com/lib/rucke/Doc?id=10517479 _zAn electronic book accessible through the World Wide Web; click to view |
| 999 |
_c121447 _d121447 |
||